Tiến tới một xã hội không có trao đổi thông tin /

Αποθηκεύτηκε σε:
Λεπτομέρειες βιβλιογραφικής εγγραφής
Κύριος συγγραφέας: Galeono, Eduardo.
Άλλοι συγγραφείς: Nguyễn Văn Tòng (dịch và giới thiệu.)
Μορφή: Άρθρο
Γλώσσα:Vietnamese
Θέματα:
Ετικέτες: Προσθήκη ετικέτας
Δεν υπάρχουν, Καταχωρήστε ετικέτα πρώτοι!
Thư viện lưu trữ: Thư viện Trường Đại học Đà Lạt
LEADER 00870nam a2200277 4500
001 DLU090073068
005 ##20090508
040 # # |a DLU  |b vie 
041 # # |a vie 
044 # # |a vn 
100 # # |a Galeono, Eduardo. 
245 # # |a Tiến tới một xã hội không có trao đổi thông tin /  |c Eduardo Galeono; Nguyễn Văn Tòng dịch và giới thiệu. 
653 # # |a Trao đổi thông tin 
653 # # |a Xã hội thông tin 
653 # # |a Xã luận 
700 # # |a Nguyễn Văn Tòng,  |e dịch và giới thiệu. 
773 # # |t Khoa học Xã hội  |g Số 27, 1996, tr. 161-163 
920 # # |a Phòng Tạp chí -- Trung tâm Thông tin - Thư viện Trường Đại học Đà Lạt 
994 # # |a DLU 
900 # # |a True 
911 # # |a Nguyễn Thanh Hương 
925 # # |a G 
926 # # |a A 
927 # # |a BB 
980 # # |a Thư viện Trường Đại học Đà Lạt